| 000 | 00915nam a22002417a 4500 | ||
|---|---|---|---|
| 999 |
_c8819 _d8819 |
||
| 001 | 8819 | ||
| 003 | BD-JhCC | ||
| 005 | 20211111134021.0 | ||
| 008 | 180222s199৪2011bg a|||| ||a| 000 0 ben d | ||
| 035 | _a(BD-JhCC)8819 | ||
| 040 |
_aBD-JhCC _dBD-JhCC |
||
| 041 | _aben | ||
| 082 |
_a530.00 _bGON 1994 |
||
| 100 | _aগনি, মোঃ আবদুল | ||
| 245 |
_aউচ্চ মাধ্যমিক পদার্থ বিজ্ঞান (দ্বিতীয় পত্র) / _cমোঃ আবদুল গনি, সুশান্ত সরকার; অচিন্ত্য দত্ত |
||
| 260 |
_aঢাকাঃ _bমল্লিক ব্রাদার্স, _c1994. |
||
| 300 |
_a707 p. : _c24 cm. |
||
| 650 | _aPhysics | ||
| 700 | _aসরকার, সুশান্ত | ||
| 700 | _aদত্ত, অচিন্ত্য | ||
| 942 |
_2ddc _cBK _01 |
||